000 00972nam a22002291a 4500
999 _c18213
_d18213
001 18213
003 OSt
005 20260204212355.0
008 170406s2017||||dr ||||||b||||||||||spa||
090 _aDER 2017 G172-1
100 1 _aGarcía Cepeda, Yeuri
_esustentante
245 1 _aExcusa legal de la provocación en el Distrito Judicial de Sánchez Ramírez, periodo 2015-2016 / Yeuri García Cepeda, Ricardo Anibal polanco Gutiérrez ; asesor Amable Quezada
260 _aCotuí, Republica Dominicana :
_bUTECO,
_c2017
300 _a46 hojas :
502 _aTrabajo de grado (Licenciatura en Derecho) --Universidad Tecnológica del Cibao Oriental, 2017
504 _aIncluye referencia bibliográfica e índice
650 4 _aExcusa legal--Derecho
700 1 _aPolanco Gutiérrez, Ricardo Anibal
_esustentante
700 1 _aQuezada, Amable
_easesor
830 _aTesis y disertaciones académicas (Universidad Tecnológica del Cibao Oriental)
942 _2LC
_cTH